000 00358nam a22001577a 4500
005 20161024110022.0
008 161024b xxu||||| |||| 00| 0 eng d
020 _a81-7138-025-5
041 _aeng
100 _aJOSHI,RAMSHARAN
_93656
245 _aMEDIA VIMARSH
260 _bSAMAYIK
300 _a191
650 _aMASS COM @JOURLISIM
_93672
942 _cBK
999 _c5316
_d5314